Sur les gîtes bitumineux de la Judée et de la Coele-Syrie, et sur le mode d'arrivée de l'asphaltw au milieu des eaux de la mer Morte / (Record no. 157162)
[ view plain ]
| 000 -LEADER | |
|---|---|
| campo de control de longitud fija | 00839nam a22001815i 4500 |
| 001 - NÚMERO DE CONTROL | |
| campo de control | 157162 |
| 003 - IDENTIFICADOR DE NÚMERO DE CONTROL | |
| campo de control | ES-MaACL |
| 005 - FECHA Y HORA DE LA ÚLTIMA TRANSACCIÓN | |
| campo de control | 20230906210613.0 |
| 008 - DATOS DE LONGITUD FIJA--INFORMACIÓN GENERAL | |
| campo de control de longitud fija | 040809s1866 fr |||| | fre d |
| 040 ## - FUENTE DE CATALOGACIÓN | |
| Centro catalogador/agencia de origen | CAM |
| Lengua de catalogación | spa |
| Centro/agencia transcriptor | CAM |
| 100 1# - ENTRADA PRINCIPAL--NOMBRE DE PERSONA | |
| Nombre de persona | Lartet, Louis. |
| 9 (RLIN) | 70381 |
| 245 10 - MENCIÓN DEL TÍTULO | |
| Título | Sur les gîtes bitumineux de la Judée et de la Coele-Syrie, et sur le mode d'arrivée de l'asphaltw au milieu des eaux de la mer Morte / |
| Mención de responsabilidad, etc. | par Louis Lartet. |
| 260 ## - PUBLICACIÓN, DISTRIBUCIÓN, ETC. | |
| Lugar de publicación, distribución, etc. | Paris : |
| Nombre del editor, distribuidor, etc. | [s.n., |
| Fecha de publicación, distribución, etc. | s.a.] ( |
| Fabricante | Imprimerie de E. Martinet) |
| 300 ## - DESCRIPCIÓN FÍSICA | |
| Extensión | p. 12-31 ; |
| Dimensiones | 23 cm. |
| 594 ## - Nota al título y mención de responsabilidad | |
| Nota al título y mención de responsabilidad | Tit. tomado de comienzo de texto. |
| 595 ## - | |
| -- | Extrait du Bulletin de la Societé Géologique de France, 2e série, tome XXIV, p. 12, séance du 5 novembre 1866. |
| 852 ## - LOCALIZACIÓN | |
| Ubicación | ES-MaACL |
| Número de control de estantería | T-908-F-3 |
| Nota libre | -- Enc. hol. |
| -- | -- Legado de Federico de Botella y de Hornos |
| -- | -- Enc. en un vol. facticio |
| Estatus retirado | Estado de pérdida | Estado de daño | No para préstamo | Colección | Biblioteca de origen | Biblioteca actual | Ubicación en estantería | Fecha de adquisición | Total de préstamos | Signatura topográfica completa | Código de barras | Visto por última vez | Precio de reemplazo | Tipo de ítem Koha |
|---|---|---|---|---|---|---|---|---|---|---|---|---|---|---|
| Colección de folletos | Biblioteca del Ateneo de Madrid | Biblioteca del Ateneo de Madrid | Depósito folletos | 17/01/2008 | T-908-F-3 | 1164438 | 23/02/2023 | 23/02/2023 | Folleto |
